00743nam a22002051 450000100060000000300080000600500170001400800410003103500190007204000320009104100080012308200250013110000320015624501390018826000740032730000290040150400360043065000200046670000510048628617BD-RjUL20211209051315.0140331r19641955nyua b 000 0 eng d a(BD-RjUL)28698 aDLCcDLCdDLCdBD-RjULbeng aeng00a131.34bDEC V-2 19641 aDeutsch, Felix,d1884-1964.14aThe clinical interview /cby Felix Deutsch and William F. Murphy.nVolume Two :ntherapy :pa method of teaching sector psychotherapy. aNew York :bInternational Universities Press,c1955 [reprinted 1964]. a335 p. :bill, ;c24 cm. aBibliography: v. 2, p. 322-323. 0aPsychoanalysis.1 aMurphy, William Francis,d1908-ejoint author.